| 000 | 00632nam a2200181Ia 4500 | ||
|---|---|---|---|
| 008 | 151018s9999 xx 000 0 und d | ||
| 082 |
_bRBASDV31006 _a891.463 |
||
| 100 | _aप्रकाश सुर्यकांत अत्रे | ||
| 245 | _aकंसाचा भाचा | ||
| 250 | _b1 | ||
| 260 |
_bप्रेरणा _c1996 |
||
| 300 | _a96 | ||
| 600 | _aप्रकाश सुर्यकांत अत्रे | ||
| 630 | _aकंसाचा भाचा | ||
| 700 | _aप्रकाश सुर्यकांत अत्रे | ||
| 730 | _aकंसाचा भाचा | ||
| 942 | _cBOOK | ||
| 999 |
_c1030545 _d1030542 |
||